000 00410nam a2200157Ia 4500
008 230917s9999||||xx |||||||||||||| ||und||
020 _cRS75
040 _e189933
_aMAIN
041 _aEnglish
082 _a891.42309 B469N
100 _aBhogal, Hirdejit Singh
245 0 _aPunjabi kahani vich rashtravad
260 _aLudhiana
_bPunjabi Writers Cooperative Society
_c1992
300 _a131 p.
942 _cBK
999 _c73546
_d73546